MARC
| LEADER | 00000nam a2200000Ia 4500 | ||
|---|---|---|---|
| 008 | 170316s9999 xx 000 0 und d | ||
| 040 | |a cru BVZT | ||
| 090 | |a 868 F-12m | ||
| 100 | |a Frutos Verdesia, Juan | ||
| 245 | |a El mambo número cero: novela | ||
| 260 | |a San José, Costa Rica | ||
| 260 | |b Guayacán | ||
| 260 | |c 1994 | ||
| 300 | |a 96 páginas | ||
| 650 | |a LITERATURA COSTARRICENSE | ||
| 942 | |c 4 D | ||
| 999 | |c 11020 |d 11020 | ||
